[Event "ODJM C 2025"]
[Site "Willingen GER"]
[Date "2025.06.11"]
[Round "6"]
[White "Fels, Henri"]
[Black "Rabus, Luise"]
[Result "0-1"]
[Termination "normal"]
[Board "25"]
[WhiteElo "940"]
[BlackElo "1454"]
[WhiteClock "00:24:18"]
[BlackClock "01:08:37"]
[PlyCount "134"]
[WhiteFideId "533043779"]
[BlackFideId "34636900"]
[EventCountry "GER"]
[EventRounds "9"]
[EventType "swiss"]
[EventDate "2025.06.07"]

1. d4 {[%clk 01:30:53]} {[%emt 00:00:06]} Nf6 {[%clk 01:30:54]} {[%emt
00:00:07]} 2. Nc3 {[%clk 01:31:04]} {[%emt 00:00:18]} e5 {[%clk 01:30:12]}
{[%emt 00:01:12]} 3. e4 {[%clk 01:29:16]} {[%emt 00:02:19]} exd4 {[%clk
01:28:48]} {[%emt 00:01:54]} 4. Qxd4 {[%clk 01:29:17]} Nc6 {[%clk 01:29:08]}
{[%emt 00:00:39]} 5. Qd3 {[%clk 01:28:24]} {[%emt 00:01:23]} Bc5 {[%clk
01:27:35]} {[%emt 00:02:02]} 6. Nf3 {[%clk 01:28:10]} {[%emt 00:00:44]} Qe7
{[%clk 01:26:59]} {[%emt 00:01:07]} 7. Bf4 {[%clk 01:26:09]} {[%emt 00:02:29]}
Nb4 {[%clk 01:24:21]} {[%emt 00:03:09]} 8. Qd2 {[%clk 01:25:03]} {[%emt
00:01:36]} Nxe4 {[%clk 01:24:06]} {[%emt 00:00:45]} 9. Qe2 {[%clk 01:21:33]}
{[%emt 00:03:59]} d5 {[%clk 01:22:02]} {[%emt 00:02:34]} 10. a3 {[%clk
01:12:39]} {[%emt 00:09:26]} Nxc3 {[%clk 01:15:16]} {[%emt 00:07:15]} 11. Qxe7+
{[%clk 01:11:41]} {[%emt 00:01:27]} Bxe7 {[%clk 01:15:34]} {[%emt 00:00:13]}
12. axb4 {[%clk 00:52:31]} {[%emt 00:19:40]} Bxb4 {[%clk 01:15:26]} {[%emt
00:00:37]} 13. Bd2 {[%clk 00:51:57]} {[%emt 00:01:05]} d4 {[%clk 01:13:33]}
{[%emt 00:02:23]} 14. Nxd4 {[%clk 00:50:07]} {[%emt 00:02:20]} Bc5 {[%clk
01:13:57]} {[%emt 00:00:06]} 15. Bxc3 {[%clk 00:49:57]} {[%emt 00:00:41]} a6
{[%clk 01:11:50]} {[%emt 00:02:37]} 16. Bd3 {[%clk 00:46:02]} {[%emt 00:04:25]}
b5 {[%clk 01:12:00]} {[%emt 00:00:20]} 17. Nxb5 {[%clk 00:44:28]} {[%emt
00:02:03]} Bb6 {[%clk 01:11:57]} {[%emt 00:00:33]} 18. Be5 {[%clk 00:40:55]}
{[%emt 00:04:03]} Kd8 {[%clk 01:12:02]} {[%emt 00:00:24]} 19. Be4 {[%clk
00:40:07]} {[%emt 00:01:19]} Rb8 {[%clk 01:12:06]} {[%emt 00:00:26]} 20. Rd1+
{[%clk 00:36:34]} {[%emt 00:04:03]} Ke7 {[%clk 01:10:24]} {[%emt 00:02:12]} 21.
Bxc7 {[%clk 00:33:32]} {[%emt 00:03:32]} Bxc7 {[%clk 01:10:44]} {[%emt
00:00:11]} 22. Nxc7 {[%clk 00:33:36]} {[%emt 00:00:25]} Rxb2 {[%clk 01:10:54]}
{[%emt 00:00:20]} 23. O-O {[%clk 00:32:35]} {[%emt 00:01:32]} Kf6 {[%clk
01:09:44]} {[%emt 00:02:55]} 24. Rd5 {[%clk 00:32:19]} {[%emt 00:02:29]} g6
{[%clk 01:07:38]} {[%emt 00:02:36]} 25. Rfd1 {[%clk 00:29:31]} {[%emt
00:03:18]} Be6 {[%clk 01:05:27]} {[%emt 00:02:40]} 26. Rd6 {[%clk 00:25:35]}
{[%emt 00:04:27]} Rhb8 {[%clk 01:03:05]} {[%emt 00:02:50]} 27. h3 {[%clk
00:24:23]} {[%emt 00:01:43]} Rb1 {[%clk 00:59:45]} {[%emt 00:03:51]} 28. Rxb1
{[%clk 00:22:04]} {[%emt 00:02:49]} Rxb1+ {[%clk 01:00:07]} {[%emt 00:00:08]}
29. Kh2 {[%clk 00:22:19]} {[%emt 00:00:15]} Ke5 {[%clk 01:00:32]} {[%emt
00:00:05]} 30. Rd3 {[%clk 00:13:29]} {[%emt 00:09:20]} Kxe4 {[%clk 01:00:48]}
{[%emt 00:00:12]} 31. Re3+ {[%clk 00:13:41]} {[%emt 00:00:20]} Kf5 {[%clk
01:01:05]} {[%emt 00:00:13]} 32. g4+ {[%clk 00:12:19]} {[%emt 00:01:52]} Kf6
{[%clk 00:59:56]} {[%emt 00:01:39]} 33. Nxa6 {[%clk 00:11:33]} {[%emt
00:01:16]} Rb2 {[%clk 00:58:53]} {[%emt 00:01:33]} 34. Rc3 {[%clk 00:10:50]}
{[%emt 00:01:13]} Bd5 {[%clk 00:58:25]} {[%emt 00:00:57]} 35. Nc5 {[%clk
00:09:39]} {[%emt 00:01:42]} Kg5 {[%clk 00:57:17]} {[%emt 00:01:38]} 36. Kg3
{[%clk 00:09:10]} {[%emt 00:00:59]} Rb1 {[%clk 00:55:43]} {[%emt 00:02:04]} 37.
f4+ {[%clk 00:09:02]} {[%emt 00:00:38]} Kf6 {[%clk 00:53:07]} {[%emt 00:03:06]}
38. Rd3 {[%clk 00:04:38]} {[%emt 00:04:54]} Bc4 {[%clk 00:52:28]} {[%emt
00:01:09]} 39. Rd4 {[%clk 00:04:07]} {[%emt 00:01:02]} Be2 {[%clk 00:52:25]}
{[%emt 00:00:32]} 40. c4 {[%clk 00:02:42]} {[%emt 00:01:55]} Rc1 {[%clk
00:52:41]} {[%emt 00:00:14]} 41. g5+ {[%clk 00:01:49]} {[%emt 00:01:23]} Kg7
{[%clk 00:50:44]} {[%emt 00:02:27]} 42. Ne4 {[%clk 00:28:22]} {[%emt 00:03:57]}
Bxc4 {[%clk 01:20:16]} {[%emt 00:00:57]} 43. Kg4 {[%clk 00:28:02]} {[%emt
00:00:50]} h6 {[%clk 01:19:24]} {[%emt 00:01:23]} 44. gxh6+ {[%clk 00:27:31]}
{[%emt 00:01:01]} Kxh6 {[%clk 01:17:10]} {[%emt 00:02:43]} 45. Ng5 {[%clk
00:26:08]} {[%emt 00:01:54]} Rc3 {[%clk 01:13:08]} {[%emt 00:04:31]} 46. Ne4
{[%clk 00:24:22]} {[%emt 00:02:16]} f5+ {[%clk 01:12:25]} {[%emt 00:01:14]} 47.
Kh4 {[%clk 00:23:11]} {[%emt 00:01:41]} fxe4 {[%clk 01:12:27]} {[%emt
00:00:28]} 48. Rxe4 {[%clk 00:23:22]} {[%emt 00:00:19]} Bf1 {[%clk 01:12:13]}
{[%emt 00:00:43]} 49. Re6 {[%clk 00:21:47]} {[%emt 00:02:06]} Bxh3 {[%clk
01:09:49]} {[%emt 00:02:53]} 50. Rf6 {[%clk 00:21:41]} {[%emt 00:00:37]} Bf5
{[%clk 01:08:42]} {[%emt 00:01:36]} 51. Rxg6+ {[%clk 00:20:48]} {[%emt
00:01:24]} Bxg6 {[%clk 01:08:34]} {[%emt 00:00:38]} 52. Kg4 {[%clk 00:20:48]}
{[%emt 00:00:30]} Re3 {[%clk 01:07:48]} {[%emt 00:01:16]} 53. Kh4 {[%clk
00:21:04]} {[%emt 00:00:15]} Rf3 {[%clk 01:07:42]} {[%emt 00:00:36]} 54. Kg4
{[%clk 00:21:18]} {[%emt 00:00:16]} Rf1 {[%clk 01:07:26]} {[%emt 00:00:45]} 55.
Kg3 {[%clk 00:21:27]} {[%emt 00:00:21]} Kh5 {[%clk 01:07:33]} {[%emt 00:00:24]}
56. Kh2 {[%clk 00:21:01]} {[%emt 00:00:56]} Rxf4 {[%clk 01:07:52]} {[%emt
00:00:10]} 57. Kh3 {[%clk 00:21:26]} {[%emt 00:00:06]} Bf5+ {[%clk 01:07:55]}
{[%emt 00:00:26]} 58. Kg3 {[%clk 00:21:47]} {[%emt 00:00:10]} Kg5 {[%clk
01:08:17]} {[%emt 00:00:07]} 59. Kg2 {[%clk 00:22:05]} {[%emt 00:00:12]} Be4+
{[%clk 01:08:24]} {[%emt 00:00:24]} 60. Kg3 {[%clk 00:22:14]} {[%emt 00:00:21]}
Bd5 {[%clk 01:08:25]} {[%emt 00:00:28]} 61. Kh3 {[%clk 00:22:19]} {[%emt
00:00:25]} Rg4 {[%clk 01:07:41]} {[%emt 00:01:12]} 62. Kh2 {[%clk 00:22:45]}
{[%emt 00:00:06]} Bh1 {[%clk 01:07:42]} {[%emt 00:00:29]} 63. Kh3 {[%clk
00:23:01]} {[%emt 00:00:14]} Kf4 {[%clk 01:07:55]} {[%emt 00:00:17]} 64. Kh2
{[%clk 00:23:18]} {[%emt 00:00:15]} Rg3 {[%clk 01:08:02]} {[%emt 00:00:22]} 65.
Kxh1 {[%clk 00:23:37]} {[%emt 00:00:10]} Kf3 {[%clk 01:08:25]} {[%emt
00:00:07]} 66. Kh2 {[%clk 00:23:59]} {[%emt 00:00:08]} Kf2 {[%clk 01:08:47]}
{[%emt 00:00:09]} 67. Kh1 {[%clk 00:24:18]} {[%emt 00:00:11]} Rh3+ {[%clk
01:08:37]} {[%emt 00:00:09]} 0-1

[Event "ODJM C 2025"]
[Site "Willingen GER"]
[Date "2025.06.11"]
[Round "6"]
[White "Melekestsev, Kyrylo"]
[Black "Frey, Jarmo"]
[Result "1/2-1/2"]
[Termination "normal"]
[Board "26"]
[WhiteElo "1045"]
[BlackElo "1404"]
[WhiteClock "00:33:33"]
[BlackClock "01:23:12"]
[PlyCount "60"]
[WhiteFideId "533015945"]
[BlackFideId "533001324"]
[EventCountry "GER"]
[EventRounds "9"]
[EventType "swiss"]
[EventDate "2025.06.07"]

1. e4 {[%clk 01:30:55]} {[%emt 00:00:02]} d5 {[%clk 01:30:31]} {[%emt
00:00:32]} 2. exd5 {[%clk 01:31:18]} {[%emt 00:00:06]} Qxd5 {[%clk 01:30:56]}
{[%emt 00:00:06]} 3. Nc3 {[%clk 01:31:24]} {[%emt 00:00:23]} Qa5 {[%clk
01:31:20]} {[%emt 00:00:07]} 4. d4 {[%clk 01:31:01]} {[%emt 00:00:52]} c6
{[%clk 01:31:43]} {[%emt 00:00:08]} 5. Nf3 {[%clk 01:30:46]} {[%emt 00:00:44]}
Nf6 {[%clk 01:32:04]} {[%emt 00:00:10]} 6. Bd3 {[%clk 01:29:53]} {[%emt
00:01:20]} Bf5 {[%clk 01:31:53]} {[%emt 00:00:44]} 7. O-O {[%clk 01:28:49]}
{[%emt 00:01:33]} e6 {[%clk 01:32:12]} {[%emt 00:00:11]} 8. a3 {[%clk
01:25:05]} {[%emt 00:04:23]} Bd6 {[%clk 01:32:16]} {[%emt 00:00:28]} 9. Bg5
{[%clk 01:24:40]} {[%emt 00:00:51]} Nbd7 {[%clk 01:32:37]} {[%emt 00:00:13]}
10. Re1 {[%clk 01:23:34]} {[%emt 00:01:33]} O-O-O {[%clk 01:31:49]} {[%emt
00:01:21]} 11. b4 {[%clk 01:18:16]} {[%emt 00:05:42]} Qc7 {[%clk 01:31:31]}
{[%emt 00:00:54]} 12. Bxf5 {[%clk 01:17:28]} {[%emt 00:01:18]} exf5 {[%clk
01:31:51]} {[%emt 00:00:11]} 13. h3 {[%clk 01:15:07]} {[%emt 00:02:48]} Rdg8
{[%clk 01:31:01]} {[%emt 00:01:22]} 14. Qd3 {[%clk 01:04:27]} {[%emt 00:11:00]}
h6 {[%clk 01:28:28]} {[%emt 00:03:14]} 15. Bxf6 {[%clk 01:01:59]} {[%emt
00:02:57]} gxf6 {[%clk 01:28:26]} {[%emt 00:00:32]} 16. Qxf5 {[%clk 00:59:36]}
{[%emt 00:02:52]} Rg7 {[%clk 01:27:51]} {[%emt 00:01:06]} 17. Qe4 {[%clk
00:57:56]} {[%emt 00:02:08]} Kd8 {[%clk 01:27:14]} {[%emt 00:01:10]} 18. Kf1
{[%clk 00:54:14]} {[%emt 00:04:08]} Rhg8 {[%clk 01:26:27]} {[%emt 00:01:18]}
19. g4 {[%clk 00:52:57]} {[%emt 00:01:47]} Qb6 {[%clk 01:25:02]} {[%emt
00:01:55]} 20. Ne2 {[%clk 00:46:53]} {[%emt 00:06:25]} h5 {[%clk 01:24:55]}
{[%emt 00:00:48]} 21. gxh5 {[%clk 00:46:14]} {[%emt 00:01:08]} Rh8 {[%clk
01:25:10]} {[%emt 00:00:17]} 22. c4 {[%clk 00:45:09]} {[%emt 00:01:32]} Bc7
{[%clk 01:25:05]} {[%emt 00:00:37]} 23. c5 {[%clk 00:44:04]} {[%emt 00:01:34]}
Qb5 {[%clk 01:25:20]} {[%emt 00:00:17]} 24. a4 {[%clk 00:41:49]} {[%emt
00:02:43]} Qxb4 {[%clk 01:25:42]} {[%emt 00:00:10]} 25. h6 {[%clk 00:37:25]}
{[%emt 00:04:54]} Rxh6 {[%clk 01:25:24]} {[%emt 00:00:48]} 26. Nf4 {[%clk
00:36:06]} {[%emt 00:01:47]} Qc4+ {[%clk 01:24:50]} {[%emt 00:01:05]} 27. Nd3
{[%clk 00:35:54]} {[%emt 00:00:41]} Rh8 {[%clk 01:24:47]} {[%emt 00:00:34]} 28.
Re2 {[%clk 00:33:58]} {[%emt 00:02:22]} Nxc5 {[%clk 01:25:03]} {[%emt
00:00:19]} 29. Qe7+ {[%clk 00:33:36]} {[%emt 00:00:48]} Kc8 {[%clk 01:24:32]}
{[%emt 00:01:03]} 30. Nxc5 {[%clk 00:33:33]} {[%emt 00:00:34]} b6 {[%clk
01:23:12]} {[%emt 00:01:50]} 1/2-1/2

[Event "ODJM C 2025"]
[Site "Willingen GER"]
[Date "2025.06.11"]
[Round "6"]
[White "Peglau, Louise Deborah"]
[Black "Servin, Erik Phileas Große"]
[Result "0-1"]
[Termination "normal"]
[Board "27"]
[WhiteElo "861"]
[BlackElo "1041"]
[WhiteClock "01:25:04"]
[BlackClock "01:12:52"]
[PlyCount "102"]
[WhiteFideId "34667008"]
[BlackFideId "533043744"]
[EventCountry "GER"]
[EventRounds "9"]
[EventType "swiss"]
[EventDate "2025.06.07"]

1. d4 {[%emt 00:00:07]} Nf6 {[%clk 01:30:42]} {[%emt 00:00:16]} 2. c4 {[%clk
01:31:16]} {[%emt 00:00:09]} e5 {[%clk 01:31:06]} {[%emt 00:00:08]} 3. dxe5
{[%clk 01:31:36]} {[%emt 00:00:09]} Ng4 {[%clk 01:31:29]} {[%emt 00:00:07]} 4.
f3 {[%clk 01:31:36]} {[%emt 00:00:30]} Nxe5 {[%clk 01:31:51]} {[%emt 00:00:08]}
5. e4 {[%clk 01:31:29]} {[%emt 00:00:37]} Bc5 {[%clk 01:31:30]} {[%emt
00:00:51]} 6. Nc3 {[%clk 01:30:26]} {[%emt 00:01:33]} c6 {[%clk 01:31:05]}
{[%emt 00:00:55]} 7. Bf4 {[%clk 01:30:37]} {[%emt 00:00:18]} f6 {[%clk
01:30:56]} {[%emt 00:00:40]} 8. Bd3 {[%clk 01:30:40]} {[%emt 00:00:24]} O-O
{[%clk 01:31:04]} {[%emt 00:00:25]} 9. Nge2 {[%clk 01:31:03]} {[%emt 00:00:07]}
Na6 {[%clk 01:30:45]} {[%emt 00:00:49]} 10. Kf1 {[%clk 01:30:58]} Nb4 {[%clk
01:31:05]} {[%emt 00:00:45]} 11. Bb1 {[%clk 01:30:57]} d6 {[%clk 01:31:05]} 12.
a3 {[%clk 01:31:16]} {[%emt 00:06:02]} Na6 {[%clk 01:31:28]} {[%emt 00:02:00]}
13. b4 {[%clk 01:31:29]} {[%emt 00:00:17]} Bb6 {[%clk 01:30:35]} {[%emt
00:01:24]} 14. Bxe5 {[%clk 01:31:32]} {[%emt 00:00:26]} dxe5 {[%clk 01:30:50]}
{[%emt 00:00:16]} 15. c5 {[%clk 01:31:47]} {[%emt 00:00:14]} Qxd1+ {[%clk
01:30:59]} {[%emt 00:00:21]} 16. Nxd1 {[%clk 01:32:01]} {[%emt 00:00:15]} Rd8
{[%clk 01:29:11]} {[%emt 00:02:20]} 17. Ne3 {[%clk 01:31:38]} {[%emt 00:00:53]}
Bc7 {[%clk 01:28:58]} {[%emt 00:00:43]} 18. Nf5 {[%clk 01:30:33]} {[%emt
00:01:33]} Rd1+ {[%clk 01:29:08]} {[%emt 00:00:20]} 19. Kf2 {[%clk 01:30:33]}
{[%emt 00:00:31]} Rd2 {[%clk 01:26:47]} {[%emt 00:02:51]} 20. Ne7+ {[%clk
01:30:40]} {[%emt 00:00:24]} Kf8 {[%clk 01:26:59]} {[%emt 00:00:17]} 21. Nxc8
{[%clk 01:30:52]} {[%emt 00:00:17]} Rxc8 {[%clk 01:27:24]} {[%emt 00:00:06]}
22. Ke3 {[%clk 01:30:28]} {[%emt 00:00:54]} Rcd8 {[%clk 01:27:30]} {[%emt
00:00:25]} 23. Ba2 {[%clk 01:27:24]} {[%emt 00:03:33]} R8d3+ {[%clk 01:26:49]}
{[%emt 00:01:07]} 24. Kf2 {[%clk 01:27:24]} {[%emt 00:00:34]} Rxa3 {[%clk
01:27:10]} {[%emt 00:00:10]} 25. Be6 {[%clk 01:26:42]} {[%emt 00:01:11]} Rxa1
{[%clk 01:25:26]} {[%emt 00:02:14]} 26. Rxa1 {[%clk 01:26:58]} {[%emt
00:00:14]} Nxb4 {[%clk 01:23:27]} {[%emt 00:02:30]} 27. Rxa7 {[%clk 01:26:45]}
{[%emt 00:00:43]} Nd3+ {[%clk 01:23:36]} {[%emt 00:00:20]} 28. Ke3 {[%clk
01:26:55]} {[%emt 00:00:18]} Rd1 {[%clk 01:23:56]} {[%emt 00:00:12]} 29. Bb3
{[%clk 01:26:24]} {[%emt 00:01:02]} Rb1 {[%clk 01:22:57]} {[%emt 00:01:28]} 30.
Bc2 {[%emt 00:05:52]} Rb5 {[%clk 01:17:49]} {[%emt 00:00:02]} 31. Bxd3 {[%clk
01:26:40]} {[%emt 00:00:29]} Rxc5 {[%clk 01:18:10]} {[%emt 00:00:08]} 32. Rxb7
{[%clk 01:26:49]} {[%emt 00:00:21]} Ba5 {[%clk 01:16:56]} {[%emt 00:01:43]} 33.
Rb8+ {[%clk 01:26:51]} {[%emt 00:00:29]} Ke7 {[%clk 01:17:14]} {[%emt
00:00:12]} 34. Rb7+ {[%clk 01:26:44]} {[%emt 00:00:38]} Kf8 {[%clk 01:17:13]}
{[%emt 00:00:31]} 35. Ng3 {[%clk 01:25:49]} {[%emt 00:01:23]} h6 {[%clk
01:14:33]} {[%emt 00:03:12]} 36. Nh5 {[%clk 01:25:52]} {[%emt 00:00:24]} g5
{[%clk 01:14:30]} {[%emt 00:00:36]} 37. Nxf6 {[%clk 01:25:41]} {[%emt
00:00:40]} Bd8 {[%clk 01:13:30]} {[%emt 00:01:27]} 38. Rb8 {[%clk 01:25:42]}
{[%emt 00:00:33]} Ke7 {[%clk 01:13:46]} {[%emt 00:00:13]} 39. Ng4 {[%clk
01:25:44]} {[%emt 00:00:27]} Bc7 {[%clk 01:13:13]} {[%emt 00:01:05]} 40. Rb7
{[%clk 01:25:59]} {[%emt 00:00:13]} Kd6 {[%clk 01:13:15]} {[%emt 00:00:30]} 41.
Nxh6 {[%clk 01:26:03]} {[%emt 00:00:25]} Ba5 {[%clk 01:12:30]} {[%emt
00:01:15]} 42. Nf7+ {[%clk 01:26:21]} {[%emt 00:00:12]} Ke6 {[%clk 01:12:18]}
{[%emt 00:00:43]} 43. Nxg5+ {[%clk 01:26:42]} {[%emt 00:00:08]} Kf6 {[%clk
01:12:09]} {[%emt 00:00:40]} 44. Nh7+ {[%clk 01:26:54]} {[%emt 00:00:18]} Kg6
{[%clk 01:12:20]} {[%emt 00:00:19]} 45. h4 {[%clk 01:26:47]} {[%emt 00:00:36]}
Bd8 {[%clk 01:12:42]} {[%emt 00:00:10]} 46. g3 {[%clk 01:26:30]} {[%emt
00:00:46]} Kh6 {[%clk 01:12:46]} {[%emt 00:00:25]} 47. Rd7 {[%clk 01:26:23]}
{[%emt 00:00:37]} Bb6 {[%clk 01:12:45]} {[%emt 00:00:33]} 48. g4 {[%clk
01:26:44]} {[%emt 00:00:08]} Rd5+ {[%emt 00:00:17]} 49. Kd2 {[%emt 00:00:41]}
Rxd7 {[%clk 01:12:12]} {[%emt 00:00:06]} 50. Ng5 {[%clk 01:24:43]} {[%emt
00:02:30]} Bd8 {[%clk 01:12:31]} {[%emt 00:00:11]} 51. Nf7+ {[%clk 01:25:04]}
{[%emt 00:00:09]} Rxf7 {[%clk 01:12:52]} {[%emt 00:00:10]} 0-1

[Event "ODJM C 2025"]
[Site "Willingen GER"]
[Date "2025.06.11"]
[Round "6"]
[White "Martens, Nele"]
[Black "Stepanjan, Gurgen"]
[Result "1/2-1/2"]
[Termination "normal"]
[Board "28"]
[WhiteElo "1036"]
[BlackElo "751"]
[WhiteClock "00:49:43"]
[BlackClock "01:17:17"]
[PlyCount "64"]
[WhiteFideId "533001952"]
[BlackFideId "34655280"]
[EventCountry "GER"]
[EventRounds "9"]
[EventType "swiss"]
[EventDate "2025.06.07"]

1. e4 {[%clk 01:30:59]} {[%emt 04:56:10]} e5 {[%clk 01:30:47]} {[%emt
00:00:14]} 2. Nc3 {[%clk 01:31:17]} {[%emt 00:00:12]} Nf6 {[%clk 01:31:05]}
{[%emt 00:00:12]} 3. f4 {[%clk 01:31:20]} {[%emt 00:00:26]} d6 {[%clk
01:31:10]} {[%emt 00:00:25]} 4. Bc4 {[%clk 01:30:07]} {[%emt 00:01:41]} Nxe4
{[%clk 01:29:39]} {[%emt 00:02:04]} 5. Nf3 {[%clk 01:28:45]} {[%emt 00:01:50]}
exf4 {[%clk 01:29:26]} {[%emt 00:00:43]} 6. d3 {[%clk 01:28:35]} {[%emt
00:00:41]} Nxc3 {[%clk 01:29:11]} {[%emt 00:00:46]} 7. bxc3 {[%clk 01:28:54]}
{[%emt 00:00:10]} Qf6 {[%clk 01:29:20]} {[%emt 00:00:21]} 8. d4 {[%clk
01:27:03]} {[%emt 00:02:21]} c5 {[%clk 01:29:36]} {[%emt 00:00:15]} 9. Qd2
{[%clk 01:24:56]} {[%emt 00:02:35]} Be6 {[%clk 01:29:18]} {[%emt 00:00:49]} 10.
Bb3 {[%clk 01:23:13]} {[%emt 00:02:12]} Bxb3 {[%clk 01:29:15]} {[%emt
00:00:34]} 11. cxb3 {[%clk 01:23:31]} {[%emt 00:00:12]} Qe6+ {[%clk 01:28:29]}
{[%emt 00:01:16]} 12. Qe2 {[%clk 01:23:30]} {[%emt 00:00:29]} Qxe2+ {[%clk
01:28:50]} {[%emt 00:00:10]} 13. Kxe2 {[%clk 01:23:45]} {[%emt 00:00:15]} cxd4
{[%clk 01:28:58]} {[%emt 00:00:22]} 14. cxd4 {[%clk 01:22:34]} {[%emt
00:01:41]} g6 {[%emt 00:01:26]} 15. Bxf4 {[%clk 01:21:44]} {[%emt 00:00:18]}
Be7 {[%clk 01:28:21]} {[%emt 00:01:14]} 16. d5 {[%clk 01:20:17]} {[%emt
00:01:57]} O-O {[%clk 01:28:33]} {[%emt 00:00:19]} 17. Rac1 {[%clk 01:15:33]}
{[%emt 00:05:13]} Nd7 {[%clk 01:28:48]} {[%emt 00:00:16]} 18. Rc7 {[%clk
01:12:32]} {[%emt 00:03:28]} Rfd8 {[%clk 01:28:19]} {[%emt 00:01:01]} 19. Rxb7
{[%clk 01:12:04]} {[%emt 00:00:57]} Bf6 {[%clk 01:27:57]} {[%emt 00:00:53]} 20.
Kf2 {[%clk 01:06:24]} {[%emt 00:06:09]} Ne5 {[%clk 01:27:48]} {[%emt 00:00:40]}
21. Be3 {[%clk 01:05:03]} {[%emt 00:01:50]} Nxf3 {[%clk 01:27:19]} {[%emt
00:00:59]} 22. Kxf3 {[%clk 01:04:26]} {[%emt 00:01:07]} a6 {[%clk 01:27:30]}
{[%emt 00:00:20]} 23. a4 {[%emt 00:09:04]} Rab8 {[%clk 01:24:31]} {[%emt
00:01:31]} 24. Rxb8 {[%clk 00:57:42]} {[%emt 00:00:39]} Rxb8 {[%clk 01:24:53]}
{[%emt 00:00:07]} 25. Rb1 {[%clk 00:57:38]} {[%emt 00:00:33]} Rc8 {[%clk
01:25:08]} {[%emt 00:00:16]} 26. Rc1 {[%clk 00:55:24]} {[%emt 00:02:43]} Rb8
{[%clk 01:25:20]} {[%emt 00:00:20]} 27. Rb1 {[%clk 00:53:35]} {[%emt 00:02:17]}
Rc8 {[%clk 01:25:43]} {[%emt 00:00:08]} 28. Kf2 {[%clk 00:52:24]} {[%emt
00:01:38]} Rc2+ {[%clk 01:25:32]} {[%emt 00:00:43]} 29. Kf3 {[%clk 00:50:47]}
{[%emt 00:02:06]} Rc3 {[%clk 01:17:22]} {[%emt 00:08:41]} 30. Kf2 {[%clk
00:49:23]} {[%emt 00:01:52]} Rc2+ {[%clk 01:17:40]} {[%emt 00:00:14]} 31. Kf3
{[%clk 00:49:28]} {[%emt 00:00:22]} Rc3 {[%clk 01:16:56]} {[%emt 00:01:17]} 32.
Kf2 {[%clk 00:49:43]} {[%emt 00:00:14]} Rc2+ {[%clk 01:17:17]} {[%emt
00:00:10]} 1/2-1/2